| 000 | 00583nam a22001935i 4500 | ||
|---|---|---|---|
| 001 | 171943 | ||
| 003 | ES-MaACL | ||
| 005 | 20230906214756.0 | ||
| 008 | 090609s1969 sp |||| | spa d | ||
| 080 | _a617.7 | ||
| 100 | 1 |
_aSorsby, Arnold. _9140562 |
|
| 245 | 1 | 0 |
_aNueva clínica oftalmológica / _cpor Arnold Sorsby ; versión ... E. Gil del Río. |
| 250 | _a[1ª ed.]. | ||
| 260 |
_aBarcelona : _bToray, _c[1969] |
||
| 300 |
_aVII, 320 p. : _bil. ; _c22 cm. |
||
| 650 | 1 | 4 |
_aOftalmología. _915693 |
| 700 | 1 |
_aGil del Río, E. _956808 |
|
| 852 |
_aES-MaACL _jC-18488 _9R.71286 |
||
| 999 |
_c171943 _d171943 |
||